[Event "Forchheim op 9th"]
[Site "Forchheim"]
[Date "2010.10.03"]
[Round "5"]
[White "Guthmann, Peter"]
[Black "Winand, Edgar"]
[Result "1/2-1/2"]
[WhiteElo "2154"]
[BlackElo "1976"]
[PlyCount "201"]
[EventDate "2010.10.01"]
[EventType "swiss"]
[EventRounds "5"]
[EventCountry "GER"]
[SourceTitle "CBM 138 Extra"]
[Source "ChessBase"]
[SourceDate "2010.10.29"]
[SourceVersion "1"]
[SourceVersionDate "2010.10.29"]
[SourceQuality "1"]

1. e4 d6 2. d4 g6 3. f4 Bg7 4. Nf3 c5 5. d5 e6 6. Nc3 exd5 7. Nxd5 Nf6 8. Bc4 Nxe4 9. 0-0 0-0 10. h3 Nc6 11. c3 Na5 12. Bd3 Ng3 13. Re1 Be6 14. Ne3 c4 15. Bc2 Qb6 16. Kh2 Nh5 17. f5 Bd7 18. g4 Nf4 19. Kg3 Nd3 20. Bxd3 cxd3 21. Nd5 Qd8 22. Qxd3 Nc6 23. Bf4 Re8 24. Rxe8+ Bxe8 25. Re1 Kh8 26. Bg5 f6 27. Bf4 Ne5 28. Qe4 Bf7 29. c4 Rc8 30. b3 Qf8 31. Nd4 Re8 32. Nc7 Rb8 33. Nce6 Qe7 34. Qc2 Rg8 35. Qd2 Bxe6 36. fxe6 Rd8 37. Qg2 Nd3 38. Re2 Nxf4 39. Kxf4 f5 40. Nf3 fxg4 41. hxg4 Re8 42. Kg3 Qf6 43. Qh3 Qc3 44. Kg2 Qd3 45. Re1 Bc3 46. Rh1 Qe2+ 47. Kg1 Re7 48. g5 Qxe6 49. Qxe6 Rxe6 50. Kf2 Kg7 51. Rd1 Bb4 52. Kg3 Bc5 53. Rd2 b6 54. Rb2 a5 55. Kf4 Be3+ 56. Kg3 h5 57. Kg2 Re4 58. Re2 Rg4+ 59. Kh3 Bxg5 60. Nxg5 Rxg5 61. Rd2 b5 62. Rxd6 bxc4 63. bxc4 Rc5 64. Ra6 Kh6 65. Ra8 Kg5 66. Rb8 Kf4 67. Rb5 Rxc4 68. Rxa5 g5 69. Ra3 Re4 70. Ra8 Re3+ 71. Kg2 Re2+ 72. Kg1 Re4 73. Kf2 h4 74. a3 g4 75. Rf8+ Ke5 76. Re8+ Kd5 77. Rd8+ Kc5 78. Rf8 g3+ 79. Kf3 Ra4 80. Rf5+ Kd6 81. Rh5 Ke6 82. Kg2 Kd6 83. Kh3 Ke6 84. Rb5 Rd4 85. Rh5 Re4 86. Rh8 Ke5 87. Rg8 Kd4 88. a4 Ke3 89. a5 Ra4 90. a6 Kf2 91. Rf8+ Kg1 92. Rb8 Ra3 93. Rb1+ Kf2 94. Rb2+ Kf3 95. a7 Rxa7 96. Rb3+ Ke2 97. Rb2+ Ke3 98. Kxh4 Kf3 99. Rb3+ Kf2 100. Rb2+ Kf3 101. Rb3+ 1/2-1/2

[Event "Forchheim op 9th"]
[Site "Forchheim"]
[Date "2010.10.03"]
[Round "4"]
[White "Meulner, Klaus"]
[Black "Guthmann, Peter"]
[Result "1-0"]
[WhiteElo "2188"]
[BlackElo "2154"]
[PlyCount "157"]
[EventDate "2010.10.01"]
[EventType "swiss"]
[EventRounds "5"]
[EventCountry "GER"]
[SourceTitle "CBM 138 Extra"]
[Source "ChessBase"]
[SourceDate "2010.10.29"]
[SourceVersion "1"]
[SourceVersionDate "2010.10.29"]
[SourceQuality "1"]

1. d4 Nf6 2. Bg5 Ne4 3. Bh4 c5 4. f3 g5 5. fxe4 gxh4 6. e3 Bh6 7. Bc4 e6 8. Qh5 Qa5+ 9. c3 Bxe3 10. Nf3 Nc6 11. d5 Ne7 12. Na3 a6 13. Nc2 Bf4 14. 0-0 Qc7 15. Rae1 b5 16. d6 Bxd6 17. e5 bxc4 18. Ng5 Ng6 19. exd6 Qc6 20. Rxf7 Bb7 21. Re7+ Kd8 22. Nf7+ Kc8 23. Ne3 Nxe7 24. dxe7 Rg8 25. Re2 Kb8 26. Nd8 Qc8 27. Qxh4 Ka7 28. Qxc4 Re8 29. Qh4 Rxd8 30. exd8Q Qxd8 31. Qxh7 Qc7 32. Qd3 Rg8 33. b4 Rh8 34. Ng4 Qf4 35. h3 cxb4 36. cxb4 Bd5 37. Rf2 Qxb4 38. Qe3+ Qb6 39. Qe5 Rf8 40. Qe2 Qd4 41. Qb2 Qxb2 42. Rxb2 Rb8 43. Rc2 Rb1+ 44. Kf2 Ra1 45. Nf6 Rxa2 46. Rxa2 Bxa2 47. Nxd7 Kb7 48. Ke3 Kc6 49. Nb8+ Kb5 50. Nxa6 Kxa6 51. g4 Kb5 52. Kd4 Kc6 53. Ke5 Kd7 54. Kf6 Kd6 55. h4 e5 56. h5 e4 57. h6 e3 58. h7 e2 59. h8Q e1Q 60. Qh2+ Kd7 61. Qxa2 Qe7+ 62. Kf5 Qh7+ 63. Kf4 Qh6+ 64. g5 Qh4+ 65. Kf5 Qh3+ 66. Kg6 Qd3+ 67. Kg7 Qd4+ 68. Kg8 Kc6 69. Qe6+ Kb5 70. g6 Qd8+ 71. Kf7 Qc7+ 72. Kf6 Qd8+ 73. Qe7 Qh8+ 74. Kf5 Ka4 75. g7 Qh5+ 76. Ke6 Qg6+ 77. Kd7 Qg4+ 78. Kd8 Qg3 79. Qe8+ 1-0

[Event "Forchheim op 9th"]
[Site "Forchheim"]
[Date "2010.10.01"]
[Round "1"]
[White "Guthmann, Peter"]
[Black "Kutzner, Joachim"]
[Result "0-1"]
[WhiteElo "2154"]
[BlackElo "2154"]
[PlyCount "60"]
[EventDate "2010.10.01"]
[EventType "swiss"]
[EventRounds "5"]
[EventCountry "GER"]
[SourceTitle "CBM 138 Extra"]
[Source "ChessBase"]
[SourceDate "2010.10.29"]
[SourceVersion "1"]
[SourceVersionDate "2010.10.29"]
[SourceQuality "1"]

1. d4 Nf6 2. c4 g6 3. Nc3 Bg7 4. e4 d6 5. Nf3 0-0 6. Be2 e5 7. 0-0 Nc6 8. d5 Ne7 9. Ne1 Ne8 10. Nd3 f5 11. Bd2 Kh8 12. Rc1 Ng8 13. f4 fxe4 14. Nxe4 Bf5 15. Ng5 exf4 16. Ne6 Bxe6 17. dxe6 g5 18. h4 h6 19. hxg5 hxg5 20. Rf3 Bd4+ 21. Nf2 g4 22. Rxf4 Bxf2+ 23. Rxf2 Rxf2 24. Kxf2 Qh4+ 25. Kg1 g3 26. Bc3+ Ng7 27. Bf3 Rf8 28. Qd4 Qh2+ 29. Kf1 Rxf3+ 30. gxf3 g2+ 0-1

[Event "Karl Mala Memorial op 13th"]
[Site "Frankfurt"]
[Date "2010.07.10"]
[Round "5"]
[White "Guthmann, Peter"]
[Black "Klundt, Klaus"]
[Result "1/2-1/2"]
[WhiteElo "2141"]
[BlackElo "2347"]
[PlyCount "53"]
[EventDate "2010.07.08"]
[EventType "swiss"]
[EventRounds "7"]
[EventCountry "GER"]
[SourceTitle "EXT 2012"]
[Source "ChessBase"]
[SourceDate "2011.11.24"]
[SourceVersion "1"]
[SourceVersionDate "2011.11.24"]
[SourceQuality "1"]

1. d4 d5 2. c4 c6 3. Nf3 Nf6 4. Nc3 e6 5. Bg5 h6 6. Bh4 dxc4 7. e4 g5 8. Bg3 b5 9. Be2 Bb7 10. Ne5 Nbd7 11. 0-0 Bg7 12. Nxd7 Nxd7 13. Bd6 a6 14. a4 c5 15. dxc5 b4 16. Nd5 exd5 17. exd5 Be5 18. Bxe5 Nxe5 19. c6 Bxc6 20. dxc6 Qxd1 21. Rfxd1 Rc8 22. Rd5 f6 23. Rc5 Ke7 24. Rd1 Rxc6 25. Rxc6 Nxc6 26. Bxc4 a5 27. g3 1/2-1/2

[Event "Karl Mala Memorial op 13th"]
[Site "Frankfurt"]
[Date "2010.07.09"]
[Round "2"]
[White "Guthmann, Peter"]
[Black "Larem, Peter"]
[Result "1-0"]
[WhiteElo "2141"]
[BlackElo "1922"]
[PlyCount "83"]
[EventDate "2010.07.08"]
[EventType "swiss"]
[EventRounds "7"]
[EventCountry "GER"]
[SourceTitle "EXT 2012"]
[Source "ChessBase"]
[SourceDate "2011.11.24"]
[SourceVersion "1"]
[SourceVersionDate "2011.11.24"]
[SourceQuality "1"]

1. d4 Nf6 2. c4 c5 3. d5 b5 4. cxb5 a6 5. bxa6 Bxa6 6. Nc3 d6 7. e4 Bxf1 8. Kxf1 g6 9. Nf3 Bg7 10. h3 0-0 11. Kg1 Nbd7 12. Kh2 Qa5 13. Re1 Rfb8 14. Re2 Rb7 15. Rc2 Rab8 16. Qe2 Qc7 17. Kg1 h6 18. Bf4 Ne8 19. b3 Qa5 20. Rac1 Ra8 21. Na4 Nc7 22. Rd1 Nb5 23. e5 dxe5 24. Nxe5 Nd4 25. Rxd4 Bxe5 26. Re4 Bxf4 27. Rxf4 Qc7 28. Rfc4 Qd6 29. Nxc5 Nxc5 30. Rxc5 Rba7 31. a4 Rb7 32. Rc8+ Rxc8 33. Rxc8+ Kg7 34. Qc4 Qe5 35. Qc3 Qxc3 36. Rxc3 Kf6 37. Re3 Rd7 38. b4 Rxd5 39. b5 Rd4 40. a5 Rb4 41. b6 e5 42. Ra3 1-0

[Event "Mittelfranken-chTB1 0910"]
[Site "Mittelfranken"]
[Date "2010.01.31"]
[Round "6.1"]
[White "Guthmann, Peter"]
[Black "Fuchs, Gerhard"]
[Result "1-0"]
[WhiteElo "2145"]
[BlackElo "2068"]
[PlyCount "47"]
[EventDate "2009.10.11"]
[EventType "team-tourn"]
[EventRounds "9"]
[EventCountry "GER"]
[SourceTitle "EXT 2011"]
[Source "ChessBase"]
[SourceDate "2010.11.26"]
[SourceVersion "1"]
[SourceVersionDate "2010.11.26"]
[SourceQuality "1"]
[WhiteTeam "Gunzenhausen"]
[BlackTeam "Nuernberg SK 1911"]
[WhiteTeamCountry "GER"]
[BlackTeamCountry "GER"]

1. d4 d5 2. c4 Nc6 3. Nc3 e5 4. cxd5 Nxd4 5. e3 Nf5 6. Nf3 Bd6 7. Bb5+ Bd7 8. Bxd7+ Qxd7 9. e4 Nfe7 10. Qb3 c6 11. dxc6 bxc6 12. 0-0 Rb8 13. Qc2 Nf6 14. Rd1 Qc7 15. Be3 Bb4 16. Nd5 Nfxd5 17. exd5 0-0 18. Ng5 g6 19. Ne4 Nf5 20. dxc6 Nxe3 21. fxe3 Rb6 22. Rac1 Rc8 23. Nf6+ Kg7 24. Nd5 1-0